Campeones de la Europa League ¡Muerte súbita! - Estadísticas

Estadísticas generales
  • Esta prueba ha sido intentada 74 veces
  • La puntuación promedio es 5 de 8
Answers on the Grid
Answers color-coded by a green-red scale on the quiz's grid according to % correct below.
Arsenal
Sevilla
Marsella
Atlético de Madrid
Villarreal
RB Leipzig
Roma
Fulham
Chelsea
Aston Villa
Fiorentina
Manchester United
Benfica
Braga
Eintracht Frankfurt
PSV Eindhoven
Atalanta
Porto
Rangers
VfB Stuttgart
 
Estadísticas de respuestas
Respuesta % Correcto
Sevilla
95%
Atlético de Madrid
74%
Villarreal
72%
Chelsea
63%
Manchester United
63%
Porto
49%
Atalanta
47%
Eintracht Frankfurt
46%
No se encontraron pruebas coincidentes
Distribución de puntuación
Porcentaje de gente con cada puntuación
Porcentaje por número respondido
Historial de tus puntuaciones
No has intentado esta prueba.